000 00784nas a2200241 4500
001 BR9801590
003 BR-BrBNA
005 20231205100943.0
007 ta
008 230509b bl.|||p| |||| 00| 00por d
040 _aBR-BrBNA
_bpor
_cBiblioteca Nacional de Agricultura
041 _a(Pt)
072 _aP32
100 1 _aPinto, L.F.S.
100 1 _aKampf, N.
245 1 _aBalanco geoquimico de solos derivados de rochas basico-ultrabasicas no ambiente subtropical do Rio Grande do Sul
650 _aClassificacao do Solo
650 _aRocha
650 _aRio Grande do Sul
773 0 _tRevista Brasileira de Ciencia do Solo (Brazil)
_xISSN 0100-0683
_g(Oct-Dec 1997), v. 21 (4) p. 651-658
_wBR9801590
909 _a202311
_bLúcia
_c55
_dLúcia Elande
942 _2AGRIS
_n0
_cANA
999 _c158997
_d158997